Game Theory in the Talmud

Guardado en:
Detalles Bibliográficos
Autor principal: Ohrenstein, Roman A.
Otros Autores: Gordon, Barry
Formato: Libro
Lenguaje:inglés
Publicado: Brisbane University of Queensland 1989
Edición:1. ed.
Colección:Discussion Paper in Economics No.10
Etiquetas: Agregar Etiqueta
Sin Etiquetas, Sea el primero en etiquetar este registro!

MARC

LEADER 00000nam a2200000 4500
001 c027373
005 20221215113832.4
041 0 |a eng 
044 |a AU 
245 1 0 |a Game Theory in the Talmud  |c Roman A. Ohrenstein, Barry Gordon 
250 |a 1. ed. 
264 1 |a Brisbane  |b University of Queensland  |c 1989 
300 |a 20 s. 
490 1 |a Discussion Paper in Economics  |v No.10 
830 0 |a Discussion Paper in Economics  |v No.10 
100 1 |a Ohrenstein, Roman A. 
700 1 |a Gordon, Barry